| 000 | 01772cam a22004454i 4500 | ||
|---|---|---|---|
| 003 | PE-LiUPU | ||
| 005 | 20250731183431.0 | ||
| 008 | 141001s2007 sp a r 000 0 spa d | ||
| 020 | _a9788496429918 | ||
| 035 | _a(Sirsi) i9788496429918 | ||
| 035 | _a(Sirsi) 47090 | ||
| 035 | _a(Sirsi) 47090 | ||
| 040 |
_aPE-LiUPU _bspa _cPE-LiUPU _dPE-LiUPU _erda |
||
| 082 | 0 | 4 |
_a728 _bAA 7r |
| 245 | 0 |
_aRehabilitación : _barquitectura actual / _cInstituto Monsa de Ediciones |
|
| 250 | _aEdición especial y exclusiva para América Latina, para Euroméxico y Lexus Editores. | ||
| 264 | 1 |
_a[Barcelona] : _bInstituto Monsa de Ediciones, _c2007 |
|
| 300 |
_a239 páginas : _bilustraciones ; _c32 cm. |
||
| 336 |
_atext _2rdacontent |
||
| 337 |
_aunmediated _2rdamedia |
||
| 338 |
_avolume _2rdacarrier |
||
| 490 | 0 | _aArquitectura Actual | |
| 505 | 0 | _aCentro documental de nurember -- Edificio de apartamentos y oficinas -- Residencia en la costa siciliana -- Antiguo molino -- Torre de agua -- Gasómetro a -- Casa en royal avenue -- Casa grant -- Castillo en el lodigiano -- Casa de pardelhas -- | |
| 526 | _aP158 | ||
| 526 | _aP146 | ||
| 526 | _aP17 | ||
| 526 | _aP12 | ||
| 526 | _aP06 | ||
| 650 | 1 | 4 |
_aEdificios _xRehabilitación _vObras ilustradas |
| 710 | 0 | _aInstituto Monsa de Ediciones | |
| 910 | _agl | ||
| 910 | _apeb | ||
| 942 |
_2ddc _cBOOK |
||
| 949 |
_a728 AA 7r _i64747 _lCCODEBUL1 _mBUL _tLIBRO _o.STAFF. Colección General |
||
| 949 |
_a728 AA 7r _i70443 _lCCODEBUL1 _mBUL _tLIBRO _o.STAFF. Colección General |
||
| 999 |
_c53449 _d53449 |
||
| 980 |
_81 _gALBERTO SANCHEZ Responsable de Automatización |
||